000 00752nam a2200253Ia 4500
003 OSt
005 20220925184827.0
006 a|||||r|||| 00| 0
007 ta
008 220923b |||||||| |||| 00| 0 eng d
020 _a1 85521 075 4
037 _cGeneral Book
040 _aRTL
_cRTL
_beng
041 _2eng
_aeng
082 _aX:31.3.N9, N1
100 _aBorooah Vani K, and others
_9231579
245 0 _aRegional income inequality and poverty in the Unit
260 _aAldershot
_bDarmouth
_c1991
300 _axii,186p
_ccm.
500 _aBibliography:P173-79
650 _aNational Income Great Britain
_9231580
942 _hX:31.3.N9, N1
_cGB
_2CC
999 _c508944
_d508944